Vereine der 2. Bundesliga 2022/2023 - Statistiken

Allgemein
  • Dieses Quiz wurde 338 mal gespielt
  • Das Durchschnittsergebnis liegt bei 15 aus 18
Antwortstatistiken
Vereine % Korrekt
Hamburger SV
99%
SV Darmstadt 98
89%
FC St. Pauli
88%
Hannover 96
85%
1. FC Nürnberg
84%
Eintracht Braunschweig
84%
Holstein Kiel
84%
SpVgg Greuther Fürth
84%
1. FC Heidenheim
83%
Arminia Bielefeld
82%
1. FC Kaiserslautern
81%
Fortuna Düsseldorf
79%
1. FC. Magdeburg
78%
Hansa Rostock
78%
SSV Jahn Regensburg
77%
SV Sandhausen
76%
Karlsruher SC
74%
SC Paderborn 07
71%
Keine übereinstimmenden Quizze gefunden
Verteilung der Resultate
Anzahl Personen mit jedem Resultat
Perzentil nach korrekt beantworteten Fragen
Ihre Resultats-Entwicklung
Sie haben dieses Quiz noch nicht gespielt